Архив истории науки и техники; Вып. 2; Достижения геолого-разведочных работ за 15 лет; Возникновение и развитие теории вероятностей; Развитие геофизических методов разведки; Технический прогресс за 300 лет; Развитие паровой турбины; Находки культурных растений доисторического периода; Техника производства русской мануфактуры XVII в. по новым материалам; О рукописях и реликвиях Кеплера, хранящихся в Пулковской обсерватории; Материалы экспедиции Морица Нассауского в Бразилию (1636-1643) в Зоологическом институте Академии Наук СССР; Материалы к изучению творчества И. П. Кулибина; Модель олонецкой пушечно-сверлильной машины первой четверти XIX в.; К. Э. Циолковский. Его жизнь и работы по авиации и реактивному полету; К. Э. Циолковский и его идея дирижабля; О теории ракет; Новейшая литература по истории античной математики; Иностранная литература по истории химии за последние годы

Λεπτομέρειες βιβλιογραφικής εγγραφής
Συγγραφή απο Οργανισμό/Αρχή: Академия наук СССР (АН СССР)
Άλλοι συγγραφείς: Бухарин Н. И. Николай Иванович (редактор)
Γλώσσα:Ρωσικά
Έκδοση: Ленинград, Изд-во Академии наук СССР, 1934
TOC:И. М. Губкин, Достижения геолого-разведочных работ за 15 лет;
В. Р. Мрочек, Возникновение и развитие теории вероятностей;
А. А. Петровский, Развитие геофизических методов разведки;
С. Г. Струмилин (Струмилло-Петрашкевич), Технический прогресс за 300 лет;
А. А. Радциг, Развитие паровой турбины;
К. Фляксбергер, Находки культурных растений доисторического периода;
Е. Цейтлин, Техника производства русской мануфактуры XVII в. по новым материалам;
П. Яшнов, О рукописях и реликвиях Кеплера, хранящихся в Пулковской обсерватории;
М. Соловьев, Материалы экспедиции Морица Нассауского в Бразилию (1636-1643) в Зоологическом институте Академии Наук СССР;
М. И. Радовский, Материалы к изучению творчества И. П. Кулибина;
В. А. Каменский, Модель олонецкой пушечно-сверлильной машины первой четверти XIX в.;
Н. А. Рынин, К. Э. Циолковский. Его жизнь и работы по авиации и реактивному полету;
А. Г. Воробьев, К. Э. Циолковский и его идея дирижабля;
А. Н. Крылов, О теории ракет;
С. Лурье, Новейшая литература по истории античной математики;
М. А. Блох, Иностранная литература по истории химии за последние годы;
Σειρά:Труды Института истории науки и техники
Θέματα:
Μορφή: MixedMaterials Βιβλίο
KOHA link:https://koha.lib.tpu.ru/cgi-bin/koha/opac-detail.pl?biblionumber=158230

MARC

LEADER 00000nam0a2200000 4500
001 158230
005 20231101222025.0
035 |a (RuTPU)RU\TPU\book\171610 
090 |a 158230 
100 |a 20090420d1934 k y0rusy50 ca 
101 0 |a rus 
102 |a RU 
105 |a a z 000zd 
200 1 |a Архив истории науки и техники  |h Вып. 2  |f Академия наук СССР (АН СССР) ; гл. ред.академик Н. И. Бухарин 
210 |a Ленинград  |c Изд-во Академии наук СССР  |d 1934 
215 |a 350 с.  |c ил. 
225 1 |a Труды Института истории науки и техники  |h Серия 1 
464 |t Достижения геолого-разведочных работ за 15 лет  |f И. М. Губкин 
464 |t Возникновение и развитие теории вероятностей  |f В. Р. Мрочек 
464 |t Развитие геофизических методов разведки  |f А. А. Петровский 
464 |t Технический прогресс за 300 лет  |f С. Г. Струмилин (Струмилло-Петрашкевич) 
464 |t Развитие паровой турбины  |f А. А. Радциг 
464 |t Находки культурных растений доисторического периода  |f К. Фляксбергер 
464 |t Техника производства русской мануфактуры XVII в. по новым материалам  |f Е. Цейтлин 
464 |t О рукописях и реликвиях Кеплера, хранящихся в Пулковской обсерватории  |f П. Яшнов 
464 |t Материалы экспедиции Морица Нассауского в Бразилию (1636-1643) в Зоологическом институте Академии Наук СССР  |f М. Соловьев 
464 |t Материалы к изучению творчества И. П. Кулибина  |f М. И. Радовский 
464 |t Модель олонецкой пушечно-сверлильной машины первой четверти XIX в.  |f В. А. Каменский 
464 |t К. Э. Циолковский. Его жизнь и работы по авиации и реактивному полету  |f Н. А. Рынин 
464 |t К. Э. Циолковский и его идея дирижабля  |f А. Г. Воробьев 
464 |t О теории ракет  |f А. Н. Крылов 
464 |t Новейшая литература по истории античной математики  |f С. Лурье 
464 |t Иностранная литература по истории химии за последние годы  |f М. А. Блох 
600 1 |a Кеплер  |g Иоганн  |f 1571-1630  |c немецкий астроном  |b И.  |2 stltpush  |3 (RuTPU)RU\TPU\pers\412 
600 1 |a Кулибин  |b И. П.  |c российский механик-самоучка  |f 1735-1818  |g Иван Петрович  |2 stltpush  |3 (RuTPU)RU\TPU\pers\13136  |9 3820 
600 1 |a Циолковский  |g Константин Эдуардович  |b К. Э.  |c русский ученый  |c изобретатель  |c основоположник современной космонавтики  |f 1857-1935  |2 stltpush  |3 (RuTPU)RU\TPU\pers\1304 
610 1 |a наука 
610 1 |a техника 
610 1 |a история 
675 |a 001(09)  |v 3 
675 |a 6(09)  |v 3 
702 1 |a Бухарин  |b Н. И.  |c российский политический деятель  |c академик АН СССР  |f 1888-1938  |g Николай Иванович  |2 stltpush  |3 (RuTPU)RU\TPU\pers\7  |4 340  |9 6 
712 0 2 |a Академия наук СССР (АН СССР)  |2 stltpush  |3 (RuTPU)RU\TPU\col\722 
801 1 |a RU  |b 63413507  |c 20090420  |g PSBO 
801 2 |a RU  |b 63413507  |c 20091006  |g PSBO 
942 |c BK